Figli di un Bronx minore

-д хадгалсан:
Номзүйн дэлгэрэнгүй
Үндсэн зохиолч: Lanzetta Peppe
Формат: Ном
Хэл сонгох:Тодорхойгүй
Хэвлэсэн: Milano Feltrinelli 1993
Шошгууд: Шошго нэмэх
Шошго байхгүй, Энэхүү баримтыг шошголох эхний хүн болох!

MARC

LEADER 00000nam a2200000Ia 4500
001 463
003 NUMERAZIONE-ORIGINALE-BRESCIA
005 20260206230753.0
008 260206s9999 xx 000 0 und d
100 |a Lanzetta Peppe 
245 0 |a Figli di un Bronx minore 
260 |a Milano 
260 |b Feltrinelli 
260 |c 1993 
942 |2 ddc  |c BK  |n 0 
952 |0 0  |1 0  |2 ddc  |4 0  |6 12  |7 0  |9 28590  |a BS  |b BS  |d 2026-02-06  |i 463  |l 0  |o 1-2-*  |r 2026-02-06 22:40:38  |w 2026-02-06  |x [REVISIONARE]  |y BK 
999 |c 24249  |d 24249